[Event "Polfinaly Mistrzostw Polski Juniorow 20"]
[Site "Szklarska Poreba - <=>Krolowa K"]
[Date "2015.??.??"]
[Round "5.9"]
[White "Romanski, Dawid"]
[Black "Buraczewski, Rafal"]
[Result "0-1"]
[WhiteElo "1517"]
[BlackElo "1894"]
[PlyCount "85"]
[EventDate "2015.??.??"]

1. e4 e6 2. d4 d5 3. Nd2 dxe4 4. Nxe4 Bd7 5. Nf3 Bc6 6. Bd3 Bxe4 7. Bxe4 c6 8.
O-O Nf6 9. Bd3 Bd6 10. c3 Nbd7 11. Qc2 O-O 12. Ng5 h6 13. Ne4 Nxe4 14. Bxe4 Qc7
15. f4 c5 16. dxc5 Nxc5 17. Be3 Nxe4 18. Qxe4 Bc5 19. Bxc5 Qxc5+ 20. Kh1 Qb6
21. b3 Rac8 22. c4 Rfd8 23. Rad1 Qb4 24. Qc2 Rd6 25. Rxd6 Qxd6 26. Qd1 Rd8 27.
Qxd6 Rxd6 28. Kg1 Kf8 29. g3 Ke7 30. Kg2 Kd7 31. Kf3 Kc6 32. Ke3 Kc5 33. a3 a5
34. Rc1 Rd7 35. h3 f6 36. g4 b6 37. h4 Rd8 38. Rb1 Rd4 39. h5 e5 40. fxe5 fxe5
41. Rg1 a4 42. bxa4 Rxc4 43. Rh1 0-1

[Event "Polfinaly Mistrzostw Polski Juniorow 20"]
[Site "Szklarska Poreba - <=>Krolowa K"]
[Date "2015.??.??"]
[Round "5.10"]
[White "Wisniewski, Szymon"]
[Black "Wisniewski, Jacek"]
[Result "1-0"]
[WhiteElo "1891"]
[BlackElo "1804"]
[PlyCount "61"]
[EventDate "2015.??.??"]

1. Nf3 d5 2. g3 c5 3. c4 e6 4. Bg2 Nc6 5. cxd5 exd5 6. O-O Nf6 7. d4 Be6 8. Nc3
h6 9. b3 Be7 10. dxc5 Bxc5 11. Bb2 O-O 12. Rc1 Be7 13. e3 Qa5 14. Qe2 Rfd8 15.
Rfd1 Rd7 16. Ba1 Rad8 17. Nb5 Nb4 18. Ne5 Nxa2 19. Rc2 Nb4 20. Rcd2 Nc6 21.
Nxd7 Rxd7 22. Bxf6 Bxf6 23. Bxd5 Bxd5 24. Rxd5 Rxd5 25. Rxd5 a6 26. Rd7 axb5
27. Rxb7 b4 28. Qc4 Ne5 29. Qc8+ Qd8 30. Qxd8+ Bxd8 31. Rb8 1-0

[Event "Polfinaly Mistrzostw Polski Juniorow 20"]
[Site "Szklarska Poreba - <=>Krolowa K"]
[Date "2015.??.??"]
[Round "5.11"]
[White "Koseski, Damian"]
[Black "Pasieka, Marcin"]
[Result "0-1"]
[WhiteElo "1857"]
[BlackElo "1754"]
[PlyCount "48"]
[EventDate "2015.??.??"]

1. d4 Nf6 2. c4 g6 3. Nc3 Bg7 4. e4 d6 5. Nf3 Nbd7 6. Be2 O-O 7. O-O e5 8. h3
exd4 9. Nxd4 Nc5 10. f3 a5 11. Be3 Nh5 12. Qd2 Qh4 13. Rf2 Qg3 14. Bf1 Qe5 15.
Ndb5 Ne6 16. Nd5 c6 17. f4 Qxb2 18. Qxb2 Bxb2 19. Rxb2 cxb5 20. Rxb5 Ng3 21.
Bd3 f5 22. exf5 gxf5 23. Nf6+ Kh8 24. Bxf5 Nxf5 0-1

[Event "Polfinaly Mistrzostw Polski Juniorow 20"]
[Site "Szklarska Poreba - <=>Krolowa K"]
[Date "2015.??.??"]
[Round "5.12"]
[White "Litner, Igor"]
[Black "Drozniak, Stanislaw"]
[Result "1/2-1/2"]
[WhiteElo "1695"]
[BlackElo "1857"]
[PlyCount "74"]
[EventDate "2015.??.??"]

1. b3 e5 2. Bb2 Nc6 3. e3 d5 4. d4 exd4 5. Bxd4 Nxd4 6. exd4 Bd6 7. Bd3 Ne7 8.
Nf3 O-O 9. O-O Ng6 10. c4 c6 11. Qc2 Bg4 12. Nbd2 Qf6 13. h3 Bd7 14. Rfe1 Rfe8
15. Rxe8+ Rxe8 16. Kf1 Kf8 17. Bxg6 hxg6 18. Re1 Rxe1+ 19. Kxe1 Bf5 20. Qc3
Qe7+ 21. Qe3 Bb4 22. Qxe7+ Kxe7 23. Ke2 f6 24. cxd5 cxd5 25. Ke3 Kd6 26. Ne1
Kc6 27. Nd3 Bd6 28. Nb1 g5 29. Nc3 b6 30. a4 a6 31. Na2 Be6 32. Nab4+ Kb7 33.
Nc2 Bd7 34. Ncb4 Be6 35. Nc2 Bd7 36. Ncb4 Be6 37. Nc2 Bd7 1/2-1/2

[Event "Polfinaly Mistrzostw Polski Juniorow 20"]
[Site "Szklarska Poreba - <=>Krolowa K"]
[Date "2015.??.??"]
[Round "5.13"]
[White "Szczuraszyk, Jaroslaw"]
[Black "Zurawski, Kamil"]
[Result "1-0"]
[WhiteElo "1559"]
[BlackElo "1726"]
[PlyCount "157"]
[EventDate "2015.??.??"]

1. d4 e6 2. c4 f5 3. g3 Nf6 4. Bg2 d5 5. Nc3 c6 6. cxd5 exd5 7. Nf3 Bd6 8. O-O
O-O 9. Bg5 h6 10. Bxf6 Qxf6 11. e3 Nd7 12. Rb1 Qe7 13. Qc2 g5 14. Nd2 Nf6 15.
Rfe1 g4 16. Ne2 Ne4 17. a3 Rf6 18. Nf4 Qf7 19. Nxe4 fxe4 20. Qc3 h5 21. b4 h4
22. Rec1 hxg3 23. hxg3 Bxf4 24. exf4 Bd7 25. Kf1 Re8 26. Ke2 Bf5 27. Ke3 Rh6
28. Rh1 Ree6 29. Qa1 b6 30. Rxh6 Rxh6 31. Bf1 Qc7 32. Rc1 Kg7 33. Qa2 Rd6 34.
Be2 Qb7 35. Qc2 b5 36. Qd1 Qd7 37. Rc3 a6 38. Rc1 Kg6 39. Qc2 Qb7 40. Qc5 Rf6
41. Rh1 Qc8 42. Qe7 Qd7 43. Qxd7 Bxd7 44. Rh4 Rf8 45. Bxg4 Bxg4 46. Rxg4+ Kf7
47. Rh4 Kg7 48. Rh5 a5 49. Rh1 axb4 50. axb4 Ra8 51. Rc1 Ra6 52. Kd2 Kf7 53.
Kc3 Ke6 54. Kb2 Kd6 55. Re1 Rb6 56. Kc3 Rb8 57. Kd2 Rh8 58. Ke3 Rh3 59. f5 Rh5
60. Kf4 Rh2 61. Rf1 Rh8 62. f3 exf3 63. Rxf3 Rh2 64. f6 Ke6 65. Kg5 Kf7 66. Re3
Rd2 67. Re7+ Kf8 68. Kf5 Rxd4 69. g4 Rd1 70. g5 Rf1+ 71. Kg6 d4 72. Rd7 Ke8 73.
Rxd4 Rf3 74. Kg7 Rf5 75. g6 c5 76. bxc5 b4 77. Rxb4 Rf3 78. Re4+ Kd7 79. f7 1-0

[Event "Polfinaly Mistrzostw Polski Juniorow 20"]
[Site "Szklarska Poreba - <=>Krolowa K"]
[Date "2015.??.??"]
[Round "5.15"]
[White "Szych, Adam"]
[Black "Planeta, Wojciech"]
[Result "1/2-1/2"]
[WhiteElo "1348"]
[BlackElo "1847"]
[PlyCount "81"]
[EventDate "2015.??.??"]

1. e4 c5 2. Nf3 Nc6 3. Bb5 g6 4. O-O Bg7 5. c3 Nf6 6. e5 Nd5 7. d4 cxd4 8. cxd4
O-O 9. Nc3 Nc7 10. Bxc6 dxc6 11. h3 Nd5 12. Re1 h6 13. Qe2 Bf5 14. Nh4 Be6 15.
f4 c5 16. Qf2 cxd4 17. Qxd4 Qb6 18. Qxb6 Nxb6 19. b3 Rac8 20. Bb2 Nd5 21. Nxd5
Bxd5 22. Rec1 e6 23. Kf2 Kh7 24. Nf3 a6 25. g3 Rfd8 26. Rxc8 Rxc8 27. Rc1 Rxc1
28. Bxc1 Bf8 29. Be3 Kg7 30. Bd4 a5 31. Nd2 a4 32. Nc4 g5 33. Nd6 axb3 34. axb3
Bxb3 35. Nxb7 Bd5 36. Nd6 Kg6 37. fxg5 hxg5 38. g4 Be7 39. Ne8 Bc4 40. Nf6 Bxf6
41. exf6 1/2-1/2

[Event "PMPJ 17"]
[Site "?"]
[Date "2015.11.11"]
[Round "5.1"]
[White "Wacior, Maciej"]
[Black "Adamczewski, Maciej"]
[Result "0-1"]
[LiveChessVersion "1.4.6"]
[BlackElo "1985"]
[WhiteElo "2004"]

1. d4 {[%clk 1:30:57]} Nf6 {[%clk 1:30:57]} 2. Nf3 {[%clk 1:31:23]} g6
{[%clk 1:31:22]} 3. Bf4 {[%clk 1:31:50]} Bg7 {[%clk 1:31:49]} 4. h3
{[%clk 1:32:16]} O-O {[%clk 1:32:14]} 5. e3 {[%clk 1:32:44]} c5 {[%clk 1:32:41]}
6. c3 {[%clk 1:33:11]} b6 {[%clk 1:33:02]} 7. Be2 {[%clk 1:33:37]} Bb7
{[%clk 1:33:28]} 8. O-O {[%clk 1:34:00]} d6 {[%clk 1:33:57]} 9. Bh2
{[%clk 1:34:21]} Nbd7 {[%clk 1:34:24]} 10. a4 {[%clk 1:34:36]} a6
{[%clk 1:34:50]} 11. Nbd2 {[%clk 1:34:09]} Ra7 {[%clk 1:35:02]} 12. Qb3
{[%clk 1:29:20]} Qa8 {[%clk 1:33:01]} 13. Qa3 {[%clk 1:26:00]} Ne4
{[%clk 1:32:41]} 14. Nxe4 {[%clk 1:25:24]} Bxe4 {[%clk 1:33:04]} 15. Rfd1
{[%clk 1:25:28]} Rc8 {[%clk 1:32:06]} 16. Ne1 {[%clk 1:25:27]} Bh6
{[%clk 1:30:06]} 17. Bf3 {[%clk 1:20:20]} Nf6 {[%clk 1:30:01]} 18. Qa2
{[%clk 0:48:40]} c4 {[%clk 1:23:15]} 19. b4 {[%clk 0:45:59]} cxb3
{[%clk 1:18:46]} 20. Qxb3 {[%clk 0:46:27]} Rac7 {[%clk 1:18:34]} 21. Rdc1
{[%clk 0:46:37]} Bxf3 {[%clk 1:13:24]} 22. Nxf3 {[%clk 0:46:10]} Qc6
{[%clk 1:00:48]} 23. Rab1 {[%clk 0:44:56]} b5 {[%clk 1:00:34]} 24. axb5
{[%clk 0:44:54]} Qxb5 {[%clk 1:00:49]} 25. Qxb5 {[%clk 0:45:01]} axb5
{[%clk 1:01:16]} 26. Rxb5 {[%clk 0:45:27]} Rxc3 {[%clk 1:01:22]} 27. Rxc3
{[%clk 0:45:53]} Rxc3 {[%clk 1:01:49]} 28. Kf1 {[%clk 0:44:33]} Ne4
{[%clk 1:01:27]} 29. Rb2 {[%clk 0:44:09]} f5 {[%clk 1:00:11]} 30. Nd2
{[%clk 0:43:05]} Nf6 {[%clk 0:54:31]} 31. Rb7 {[%clk 0:40:50]} Rc2
{[%clk 0:54:22]} 32. Ke1 {[%clk 0:41:13]} Nd5 {[%clk 0:53:36]} 33. Kd1
{[%clk 0:39:47]} Ra2 {[%clk 0:53:58]} 34. Rb3 {[%clk 0:39:53]} Kf7
{[%clk 0:53:51]} 35. Ke2 {[%clk 0:34:48]} Bg5 {[%clk 0:53:02]} 36. Kd3
{[%clk 0:26:37]} Bh4 {[%clk 0:52:34]} 37. g3 {[%clk 0:26:44]} Bf6
{[%clk 0:52:32]} 38. f3 {[%clk 0:21:36]} Bg5 {[%clk 0:52:02]} 39. Bg1
{[%clk 0:21:20]} Ke6 {[%clk 0:46:00]} 40. Bf2 {[%clk 0:21:06]} Kd7
{[%clk 0:46:07]} 41. Bg1 {[%clk 0:20:15]} Kc6 {[%clk 0:46:14]} 42. h4
{[%clk 0:19:40]} Bh6 {[%clk 0:46:00]} 43. g4 {[%clk 0:17:13]} fxg4
{[%clk 0:42:27]} 44. fxg4 {[%clk 0:17:40]} g5 {[%clk 0:42:41]} 45. hxg5
{[%clk 0:15:28]} Bxg5 {[%clk 0:43:04]} 46. Nf3 {[%clk 0:14:34]} h6
{[%clk 0:43:10]} 47. Nd2 {[%clk 0:09:50]} Nf6 {[%clk 0:43:01]} 48. Rc3+
{[%clk 0:10:14]} Kd7 {[%clk 0:43:15]} 49. Ne4 {[%clk 0:08:51]} Nxg4
{[%clk 0:40:48]} 50. Nxg5 {[%clk 0:09:04]} hxg5 {[%clk 0:41:14]} 51. Ke4
{[%clk 0:09:17]} Rg2 {[%clk 0:41:20]} 52. Rc1 {[%clk 0:09:38]} Rg3
{[%clk 0:41:01]} 53. Re1 {[%clk 0:07:18]} Ke6 {[%clk 0:40:24]} 54. d5+
{[%clk 0:06:37]} Kf6 {[%clk 0:40:38]} 55. Kd4 {[%clk 0:07:06]} Kg6
{[%clk 0:39:42]} 56. e4 {[%clk 0:06:38]} Ne5 {[%clk 0:39:55]} 57. Rd1
{[%clk 0:04:51]} Rxg1 {[%clk 0:40:03]} 58. Ra1 0-1

[Event "PMPJ 17"]
[Site "?"]
[Date "2015.11.11"]
[Round "5.2"]
[White "Smal, Tobiasz"]
[Black "Pilzak, Marcin"]
[Result "1/2-1/2"]
[LiveChessVersion "1.4.6"]
[BlackElo "2102"]
[WhiteElo "1945"]

1. e4 {[%clk 1:30:49]} e6 {[%clk 1:30:38]} 2. d4 {[%clk 1:30:53]} d5
{[%clk 1:30:57]} 3. exd5 {[%clk 1:31:04]} exd5 {[%clk 1:31:14]} 4. Bd3
{[%clk 1:31:15]} Bd6 {[%clk 1:31:20]} 5. Nf3 {[%clk 1:31:14]} Ne7
{[%clk 1:31:22]} 6. O-O {[%clk 1:31:36]} O-O {[%clk 1:31:42]} 7. Re1
{[%clk 1:31:27]} Nbc6 {[%clk 1:29:25]} 8. c3 {[%clk 1:30:37]} Bf5
{[%clk 1:29:01]} 9. Bg5 {[%clk 1:27:51]} Qd7 {[%clk 1:24:04]} 10. Qc2
{[%clk 1:25:59]} f6 {[%clk 1:10:41]} 11. Bh4 {[%clk 1:25:42]} Rae8
{[%clk 1:09:40]} 12. Nbd2 {[%clk 1:24:37]} Bxd3 {[%clk 1:01:29]} 13. Qxd3
{[%clk 1:24:02]} Nd8 {[%clk 1:01:41]} 14. Bg3 {[%clk 1:23:36]} Nf5
{[%clk 1:00:22]} 15. Nf1 {[%clk 1:22:37]} g6 {[%clk 0:55:58]} 16. Ne3
{[%clk 1:16:44]} Bxg3 {[%clk 0:47:52]} 17. hxg3 {[%clk 1:16:52]} Nxe3
{[%clk 0:48:14]} 18. Rxe3 {[%clk 1:16:53]} Rxe3 {[%clk 0:48:24]} 19. Qxe3
{[%clk 1:17:16]} Re8 {[%clk 0:48:16]} 20. Qd2 {[%clk 1:10:56]} Nf7
{[%clk 0:45:25]} 21. Re1 {[%clk 1:05:38]} Nd6 {[%clk 0:41:03]} 22. Rxe8+
{[%clk 1:04:50]} Qxe8 {[%clk 0:41:23]} 23. Qe1 {[%clk 0:53:10]} Kf7
{[%clk 0:39:35]} 24. Qxe8+ {[%clk 0:52:51]} Kxe8 {[%clk 0:39:47]} 25. Nd2
{[%clk 0:52:27]} Nc4 {[%clk 0:33:33]} 26. Nxc4 {[%clk 0:51:56]} dxc4
{[%clk 0:34:02]} 27. Kf1 {[%clk 0:51:49]} Ke7 {[%clk 0:34:14]} 28. Ke2
{[%clk 0:52:08]} Ke6 {[%clk 0:30:45]} 29. Ke3 {[%clk 0:51:45]} h5
{[%clk 0:28:05]} 30. Ke4 {[%clk 0:47:16]} f5+ {[%clk 0:27:01]} 31. Kf4
{[%clk 0:47:40]} Kf6 {[%clk 0:27:27]} 32. Kf3 {[%clk 0:45:44]} g5
{[%clk 0:24:10]} 33. Ke3 {[%clk 0:45:35]} Ke6 {[%clk 0:24:25]} 34. Kf3
{[%clk 0:45:57]} Kd5 {[%clk 0:24:06]} 35. Ke3 {[%clk 0:46:19]} a5
{[%clk 0:23:43]} 36. Kf3 {[%clk 0:44:41]} b6 {[%clk 0:23:34]} 37. Ke3
{[%clk 0:44:39]} b5 {[%clk 0:22:28]} 38. Kf3 {[%clk 0:44:31]} a4 {[%clk 0:18:58]}
39. a3 {[%clk 0:44:04]} Ke6 {[%clk 0:18:11]} 40. Ke3 {[%clk 0:43:51]} Kd6
{[%clk 0:17:54]} 41. Kf3 1/2-1/2

[Event "PMPJ 17"]
[Site "?"]
[Date "2015.11.11"]
[Round "5.4"]
[White "Zarnowski, Krzysztof"]
[Black "Osinski, Emil"]
[Result "0-1"]
[LiveChessVersion "1.4.6"]
[BlackElo "1967"]
[WhiteElo "2025"]

1. d4 {[%clk 1:30:56]} Nf6 {[%clk 1:30:45]} 2. c4 {[%clk 1:31:14]} c5
{[%clk 1:29:51]} 3. d5 {[%clk 1:31:18]} e5 {[%clk 1:28:00]} 4. Nc3
{[%clk 1:30:12]} d6 {[%clk 1:28:20]} 5. e4 {[%clk 1:28:43]} g6 {[%clk 1:27:56]}
6. Bd3 {[%clk 1:16:45]} Bg7 {[%clk 1:28:00]} 7. Nge2 {[%clk 1:17:00]} O-O
{[%clk 1:24:49]} 8. O-O {[%clk 1:16:46]} Re8 {[%clk 1:22:09]} 9. h3
{[%clk 1:12:37]} Nbd7 {[%clk 1:20:21]} 10. Be3 {[%clk 1:11:52]} a6
{[%clk 1:20:09]} 11. Qd2 {[%clk 1:06:50]} Rb8 {[%clk 1:14:20]} 12. a4
{[%clk 1:06:37]} Nh5 {[%clk 1:03:33]} 13. Rae1 {[%clk 1:02:04]} Nf8
{[%clk 0:54:43]} 14. f4 {[%clk 0:42:05]} exf4 {[%clk 0:51:43]} 15. Nxf4
{[%clk 0:40:24]} Nxf4 {[%clk 0:40:45]} 16. Bxf4 {[%clk 0:40:11]} Qe7
{[%clk 0:36:58]} 17. Na2 {[%clk 0:26:10]} Nd7 {[%clk 0:32:39]} 18. Nc1
{[%clk 0:26:27]} Ne5 {[%clk 0:31:15]} 19. b4 {[%clk 0:25:37]} b6 {[%clk 0:29:36]}
20. a5 {[%clk 0:19:31]} Qc7 {[%clk 0:23:00]} 21. axb6 {[%clk 0:19:05]} Qxb6
{[%clk 0:23:17]} 22. bxc5 {[%clk 0:18:28]} Qxc5+ {[%clk 0:23:18]} 23. Be3
{[%clk 0:18:10]} Qa3 {[%clk 0:18:20]} 24. Kh1 {[%clk 0:15:26]} Bd7
{[%clk 0:14:16]} 25. Bd4 {[%clk 0:12:56]} Nxd3 {[%clk 0:12:48]} 26. Bxg7
{[%clk 0:13:24]} Nxe1 {[%clk 0:07:39]} 27. Bc3 {[%clk 0:06:44]} Rxe4
{[%clk 0:07:02]} 28. Rxe1 {[%clk 0:06:55]} Rxe1+ {[%clk 0:07:02]} 29. Qxe1
{[%clk 0:07:24]} Rb1 {[%clk 0:05:45]} 30. Bd2 {[%clk 0:07:51]} h5
{[%clk 0:03:34]} 31. Kh2 {[%clk 0:07:53]} Rb2 {[%clk 0:02:20]} 32. Bc3
{[%clk 0:06:45]} Rc2 {[%clk 0:02:25]} 33. Bd2 {[%clk 0:04:53]} Qb2
{[%clk 0:02:11]} 34. Nd3 {[%clk 0:04:57]} Qd4 {[%clk 0:02:20]} 35. Qe2
{[%clk 0:03:57]} Bf5 {[%clk 0:00:54]} 0-1

[Event "PMPJ 17"]
[Site "?"]
[Date "2015.11.11"]
[Round "5.5"]
[White "Kaminski, Piotr"]
[Black "Golda, Sebastian"]
[Result "1/2-1/2"]
[LiveChessVersion "1.4.6"]
[BlackElo "1868"]
[WhiteElo "1699"]

1. e4 {[%clk 1:30:57]} e5 {[%clk 1:30:36]} 2. Nf3 {[%clk 1:31:19]} Nc6
{[%clk 1:30:34]} 3. Bb5 {[%clk 1:31:43]} a6 {[%clk 1:30:58]} 4. Ba4
{[%clk 1:32:08]} Nf6 {[%clk 1:31:24]} 5. O-O {[%clk 1:32:29]} b5 {[%clk 1:31:51]}
6. Bb3 {[%clk 1:32:54]} Be7 {[%clk 1:32:18]} 7. Re1 {[%clk 1:33:13]} O-O
{[%clk 1:32:41]} 8. d3 {[%clk 1:33:35]} d6 {[%clk 1:33:02]} 9. c3
{[%clk 1:34:00]} Nb8 {[%clk 1:32:50]} 10. Nbd2 {[%clk 1:30:43]} Nbd7
{[%clk 1:33:08]} 11. Nf1 {[%clk 1:30:43]} Nc5 {[%clk 1:04:41]} 12. Bc2
{[%clk 1:29:03]} Re8 {[%clk 1:05:10]} 13. Ng3 {[%clk 1:24:41]} Bf8
{[%clk 1:05:30]} 14. d4 {[%clk 1:15:51]} Ncd7 {[%clk 1:05:56]} 15. h3
{[%clk 1:12:30]} c5 {[%clk 1:04:46]} 16. d5 {[%clk 1:05:30]} h6 {[%clk 1:00:11]}
17. Nf5 {[%clk 1:02:47]} Kh7 {[%clk 1:00:35]} 18. g4 {[%clk 0:50:37]} g6
{[%clk 0:56:45]} 19. Ng3 {[%clk 0:47:27]} Ng8 {[%clk 0:46:08]} 20. Kg2
{[%clk 0:43:42]} c4 {[%clk 0:43:19]} 21. Be3 {[%clk 0:41:36]} Rb8
{[%clk 0:31:59]} 22. Qe2 {[%clk 0:37:49]} Bg7 {[%clk 0:28:43]} 23. b3
{[%clk 0:36:21]} Qc7 {[%clk 0:23:43]} 24. b4 {[%clk 0:35:24]} Nb6
{[%clk 0:22:15]} 25. a4 {[%clk 0:33:01]} Nxa4 {[%clk 0:15:49]} 26. Bxa4
{[%clk 0:29:58]} bxa4 {[%clk 0:15:49]} 27. Rxa4 {[%clk 0:29:58]} Ne7
{[%clk 0:15:49]} 28. Ra5 {[%clk 0:10:06]} f5 {[%clk 0:08:18]} 29. exf5
{[%clk 0:07:41]} gxf5 {[%clk 0:08:43]} 30. gxf5 {[%clk 0:07:36]} Rb5
{[%clk 0:08:46]} 31. Rxb5 {[%clk 0:05:50]} axb5 {[%clk 0:09:10]} 32. Ng5+
{[%clk 0:04:43]} hxg5 {[%clk 0:04:51]} 33. Qh5+ {[%clk 0:05:07]} Kg8
{[%clk 0:04:55]} 34. Qxe8+ {[%clk 0:05:19]} Kh7 {[%clk 0:05:21]} 35. Ne4
{[%clk 0:02:39]} Nxf5 {[%clk 0:04:49]} 36. Nxg5+ {[%clk 0:02:22]} Kh6
{[%clk 0:05:15]} 37. Ne6+ {[%clk 0:01:47]} Nxe3+ {[%clk 0:05:41]} 38. Rxe3
{[%clk 0:02:09]} Bxe6 {[%clk 0:05:56]} 39. Qxe6+ {[%clk 0:02:32]} Kh7
{[%clk 0:06:21]} 40. Re4 {[%clk 0:02:33]} Qd8 {[%clk 0:06:37]} 41. Qf5+
{[%clk 0:02:04]} Kh8 {[%clk 0:06:19]} 42. Qh5+ {[%clk 0:02:07]} Kg8
{[%clk 0:06:39]} 43. Rg4 {[%clk 0:02:25]} Qa8 {[%clk 0:06:52]} 44. Qg6
{[%clk 0:00:49]} Qxd5+ {[%clk 0:07:12]} 45. Kh2 {[%clk 0:01:11]} Qf7
{[%clk 0:07:07]} 46. Kg2 {[%clk 0:00:35]} Qd5+ {[%clk 0:07:08]} 47. Kg3
{[%clk 0:00:35]} Qd3+ {[%clk 0:06:27]} 48. f3 {[%clk 0:00:33]} Qxg6
{[%clk 0:06:32]} 49. Rxg6 {[%clk 0:01:02]} d5 {[%clk 0:06:56]} 50. Kf2
{[%clk 0:00:33]} d4 {[%clk 0:06:26]} 51. cxd4 {[%clk 0:00:47]} exd4
{[%clk 0:06:53]} 52. Ke2 {[%clk 0:01:04]} Kh7 {[%clk 0:06:06]} 53. Rb6
{[%clk 0:01:25]} d3+ {[%clk 0:06:32]} 54. Ke3 {[%clk 0:00:34]} Bd4+
{[%clk 0:06:26]} 55. Kxd4 {[%clk 0:00:47]} d2 {[%clk 0:06:54]} 56. Rxb5
{[%clk 0:00:53]} d1=Q+ {[%clk 0:07:14]} 57. Kxc4 {[%clk 0:01:21]} Qxf3
{[%clk 0:07:28]} 58. Rc5 {[%clk 0:01:17]} Qxh3 {[%clk 0:07:40]} 59. b5
{[%clk 0:01:27]} Qh4+ {[%clk 0:06:52]} 60. Kd5 {[%clk 0:01:20]} Qd8+
{[%clk 0:07:06]} 61. Kc6 {[%clk 0:01:19]} Qc8+ {[%clk 0:07:26]} 62. Kb6
{[%clk 0:00:55]} Qb8+ {[%clk 0:07:27]} 63. Kc6 {[%clk 0:01:07]} 1/2-1/2

[Event "PMPJ 17"]
[Site "?"]
[Date "2015.11.11"]
[Round "6.1"]
[White "Adamczewski, Maciej"]
[Black "Czajkowski, Adam"]
[Result "0-1"]
[LiveChessVersion "1.4.6"]
[BlackElo "2103"]
[WhiteElo "1985"]

1. d4 {[%clk 1:30:58]} Nf6 {[%clk 1:30:51]} 2. Nf3 {[%clk 1:31:11]} g6
{[%clk 1:31:14]} 3. c4 {[%clk 1:31:34]} Bg7 {[%clk 1:31:32]} 4. Nc3
{[%clk 1:31:58]} d6 {[%clk 1:31:34]} 5. g3 {[%clk 1:32:23]} O-O {[%clk 1:31:50]}
6. Bg2 {[%clk 1:32:50]} Nbd7 {[%clk 1:31:59]} 7. O-O {[%clk 1:33:12]} e5
{[%clk 1:31:48]} 8. e4 {[%clk 1:33:07]} exd4 {[%clk 1:31:29]} 9. Nxd4
{[%clk 1:33:31]} Re8 {[%clk 1:31:45]} 10. Re1 {[%clk 1:33:34]} a6
{[%clk 1:31:50]} 11. Rb1 {[%clk 1:33:39]} Rb8 {[%clk 1:30:59]} 12. b3
{[%clk 1:33:21]} c5 {[%clk 1:21:48]} 13. Nc2 {[%clk 1:33:33]} Ne5
{[%clk 1:21:46]} 14. h3 {[%clk 1:32:13]} Be6 {[%clk 1:10:33]} 15. Bb2
{[%clk 1:31:02]} Qd7 {[%clk 1:06:02]} 16. Kh2 {[%clk 1:30:40]} b5
{[%clk 1:00:21]} 17. cxb5 {[%clk 1:29:50]} axb5 {[%clk 1:00:35]} 18. Ne3
{[%clk 1:30:06]} c4 {[%clk 0:53:43]} 19. Ncd5 {[%clk 1:26:31]} Nxd5
{[%clk 0:50:00]} 20. Nxd5 {[%clk 1:23:16]} f5 {[%clk 0:36:33]} 21. Nf4
{[%clk 1:22:28]} Rbc8 {[%clk 0:29:20]} 22. Nxe6 {[%clk 1:21:48]} Qxe6
{[%clk 0:29:15]} 23. bxc4 {[%clk 1:21:56]} bxc4 {[%clk 0:29:02]} 24. exf5
{[%clk 1:22:00]} Qxf5 {[%clk 0:28:49]} 25. Qd5+ {[%clk 1:20:18]} Kh8
{[%clk 0:27:21]} 26. f4 {[%clk 1:18:43]} c3 {[%clk 0:21:15]} 27. Ba3
{[%clk 1:08:26]} Nc4 {[%clk 0:17:10]} 28. Qxf5 {[%clk 0:55:23]} gxf5
{[%clk 0:17:33]} 29. Rxe8+ {[%clk 0:52:38]} Rxe8 {[%clk 0:18:02]} 30. Bc1
{[%clk 0:52:48]} Bf6 {[%clk 0:08:27]} 31. Bf1 {[%clk 0:50:37]} d5
{[%clk 0:04:21]} 32. Bd3 {[%clk 0:44:22]} Re1 {[%clk 0:04:13]} 33. Bxf5
{[%clk 0:41:40]} c2 {[%clk 0:02:51]} 34. Rb8+ {[%clk 0:40:43]} Kg7
{[%clk 0:03:20]} 35. Rb7+ {[%clk 0:40:59]} Kf8 {[%clk 0:03:43]} 36. Bxc2
{[%clk 0:37:59]} Re2+ {[%clk 0:04:09]} 37. Kg1 {[%clk 0:38:25]} Rxc2
{[%clk 0:04:36]} 38. Rb1 {[%clk 0:38:34]} d4 {[%clk 0:04:01]} 39. Kf1
{[%clk 0:38:47]} d3 {[%clk 0:04:16]} 40. Ke1 {[%clk 0:39:05]} Bc3+
{[%clk 0:04:08]} 41. Kd1 {[%clk 0:39:30]} Bb2 {[%clk 0:04:15]} 42. a4
{[%clk 0:39:21]} Bxc1 {[%clk 0:04:35]} 43. Rxc1 {[%clk 0:39:43]} Ne3+
{[%clk 0:04:59]} 0-1

[Event "PMPJ 17"]
[Site "?"]
[Date "2015.11.11"]
[Round "6.2"]
[White "Wacior, Maciej"]
[Black "Smal, Tobiasz"]
[Result "1/2-1/2"]
[LiveChessVersion "1.4.6"]
[BlackElo "1945"]
[WhiteElo "2004"]

1. f4 {[%clk 1:30:53]} e5 {[%clk 1:29:28]} 2. e4 {[%clk 1:29:51]} d5
{[%clk 1:25:51]} 3. exd5 {[%clk 1:27:07]} e4 {[%clk 1:25:56]} 4. d3
{[%clk 1:26:33]} Nf6 {[%clk 1:23:38]} 5. dxe4 {[%clk 1:25:45]} Nxe4
{[%clk 1:23:54]} 6. Be3 {[%clk 1:24:58]} Qh4+ {[%clk 1:18:36]} 7. g3
{[%clk 1:21:47]} Nxg3 {[%clk 1:18:48]} 8. Nf3 {[%clk 1:19:40]} Qe7
{[%clk 1:17:07]} 9. hxg3 {[%clk 1:19:57]} Qxe3+ {[%clk 1:17:35]} 10. Qe2
{[%clk 1:20:12]} Qxe2+ {[%clk 1:16:22]} 11. Bxe2 {[%clk 1:20:36]} Bg4
{[%clk 1:12:37]} 12. Nc3 {[%clk 1:10:54]} Bb4 {[%clk 1:10:38]} 13. Ng5
{[%clk 1:10:07]} Bxe2 {[%clk 1:09:57]} 14. Kxe2 {[%clk 1:10:35]} Bxc3
{[%clk 1:10:10]} 15. bxc3 {[%clk 1:11:01]} h6 {[%clk 1:10:20]} 16. Kd3
{[%clk 1:09:04]} Rf8 {[%clk 1:08:54]} 17. Nf3 {[%clk 1:07:44]} Na6
{[%clk 1:07:35]} 18. Rae1+ {[%clk 1:08:03]} Kd7 {[%clk 1:07:49]} 19. c4
{[%clk 1:07:37]} f6 {[%clk 1:07:54]} 20. f5 {[%clk 1:06:38]} Nc5+
{[%clk 1:06:21]} 21. Kd4 {[%clk 1:07:00]} b6 {[%clk 1:06:44]} 22. Nh4
{[%clk 1:06:54]} Rfe8 {[%clk 1:06:33]} 23. Re6 {[%clk 1:03:29]} g5
{[%clk 1:06:21]} 24. Ng6 {[%clk 1:03:47]} Nxe6+ {[%clk 1:06:09]} 25. fxe6+
{[%clk 1:04:09]} Rxe6 {[%clk 1:05:47]} 26. dxe6+ {[%clk 1:04:13]} Kxe6
{[%clk 1:06:16]} 27. Rxh6 {[%clk 1:04:25]} Kf7 {[%clk 1:06:35]} 28. Ne5+
{[%clk 1:04:28]} fxe5+ {[%clk 1:06:46]} 29. Kxe5 {[%clk 1:04:56]} c5
{[%clk 1:06:28]} 30. Kf5 {[%clk 1:04:59]} Ke7 {[%clk 1:06:08]} 31. Kxg5
{[%clk 1:05:20]} Rf8 {[%clk 1:05:49]} 32. Rh7+ {[%clk 1:05:31]} Kd6
{[%clk 1:06:03]} 33. Rxa7 {[%clk 1:05:57]} Rf2 {[%clk 1:06:02]} 34. Rb7
{[%clk 1:05:17]} Rxc2 {[%clk 1:05:42]} 35. Rxb6+ {[%clk 1:05:44]} Ke5
{[%clk 1:05:59]} 36. Rf6 {[%clk 1:05:20]} Rxc4 {[%clk 1:06:05]} 37. Rf5+
{[%clk 1:05:38]} Kd6 {[%clk 1:06:09]} 38. g4 {[%clk 1:06:02]} Rc2
{[%clk 1:06:18]} 39. Kf6 {[%clk 1:06:25]} Rxa2 {[%clk 1:06:39]} 40. g5
{[%clk 1:06:47]} Ra8 {[%clk 1:05:45]} 41. Kf7 {[%clk 1:06:40]} Ra7+
{[%clk 1:05:04]} 42. Kg8 {[%clk 1:07:05]} c4 {[%clk 1:05:27]} 43. g6
{[%clk 1:07:19]} c3 {[%clk 1:05:45]} 44. Rf2 {[%clk 1:07:42]} Rc7
{[%clk 1:05:57]} 45. Rc2 {[%clk 1:08:02]} Kd5 {[%clk 1:06:11]} 46. g7
{[%clk 1:08:26]} Kd4 {[%clk 1:06:32]} 47. Kh8 {[%clk 1:08:45]} Rxg7
{[%clk 1:06:47]} 48. Kxg7 {[%clk 1:09:10]} Kd3 {[%clk 1:07:11]} 49. Rh2
{[%clk 1:09:32]} c2 {[%clk 1:07:27]} 50. Rh3+ {[%clk 1:09:57]} Kd2
{[%clk 1:07:31]} 51. Rh2+ {[%clk 1:10:24]} Kc3 {[%clk 1:07:52]} 52. Rxc2+
{[%clk 1:10:40]} Kxc2 {[%clk 1:08:13]} 1/2-1/2